00782nac a22002171u 4500010001300000020001500013082001700028090001500045100003400060245007300094250001300167260004000180300004200220440003900262504005100301650002700352700003100379942001900410999001500429952012000444 a99076978 a003025872300a658.15bB555 c1060d1060 aBesley, Scott. 10aEssentials of managerial finance /cScott Besley, Eugene F. Brigham. a12th ed. aFort Worth :bDryden Press,cc2000. axxviii, 809 p. :bcol. ill. ;c26 cm. 4aThe Dryden Press series in finance aIncludes bibliographical references and index. 0aCorporationsxFinance.1 aBrigham, Eugene F.,d1930- cBBk658.15B555 c1060d1060 00104070aMAINbMAINc1STd2006-08-17ePurchasel2m5o658.15 BESp000003437r2025-07-15 00:00:00s2013-03-19yBB